Studien zu den "Geographischen Inschriften" (10.-14.o.ag.Gau) /

محفوظ في:

المؤلف الرئيسي: Beinlich, Horst. (مؤلف)

التنسيق: كتاب

اللغة: German

منشور في: Bonn : Habelt [in Komm.], 1976.

سلاسل: Tubinger Agyptologische Beitrage ; 2.
TAB ; 2.

الموضوعات:

الوسوم: إضافة وسم

لا توجد وسوم, كن أول من يضع وسما على هذه التسجيلة!

رقم الطلب: DT57 .T86 v.2

LEADER 01050namaa2200325 4500
001 13367
003 OSt
005 20260428075804.0
008 130303s1976 gw b 000 0 ger d
020 |a 3774913811 
040 |c ARCE Library 
043 |a f-ua---  
050 4 |a DT57 .T86 v.2 
100 1 |a Beinlich, Horst.  |e author 
245 1 0 |a Studien zu den "Geographischen Inschriften" (10.-14.o.ag.Gau) /  |c von Horst Beinlich. 
264 1 |a Bonn :   |b Habelt [in Komm.],   |c 1976.  
300 |a iv, 179, [76] pages ;  |c 24 cm. 
490 1 |a Tubinger Agyptologische Beitrage ;   |v 2. 
490 1 |a TAB ;   |v 2. 
500 |a Originally presented as the author's thesis, Heidelberg, 1974.  
504 |a Includes bibliographical references.  
650 0 |a Gods, Egyptian. 
650 0 |a Mythology, Egyptian. 
650 0 |a Names, Geographical   |z Egypt. 
651 0 |a Egypt  |x Administrative and political divisions.  
830 0 |a Tubinger Agyptologische Beitrage ;   |v 2. 
830 0 |a TAB ;   |v 2. 
901 |a reviewed 
942 |c BK  |2 lcc 
999 |c 13264  |d 13264